|
|
|
|
| LEADER |
00000naa0a2200000 4500 |
| 001 |
661331 |
| 005 |
20251028071619.0 |
| 035 |
|
|
|a (RuTPU)RU\TPU\network\31672
|
| 035 |
|
|
|a RU\TPU\network\23025
|
| 090 |
|
|
|a 661331
|
| 100 |
|
|
|a 20191202d2019 k y0rusy50 ca
|
| 101 |
0 |
|
|a rus
|
| 102 |
|
|
|a RU
|
| 135 |
|
|
|a drgn ---uucaa
|
| 181 |
|
0 |
|a i
|
| 182 |
|
0 |
|a b
|
| 200 |
1 |
|
|a Применение позитронной спектроскопии для исследования структуры природных полимеров на примере сосны сибирской кедровой
|f Цуй Цзян, Р. С. Лаптев, Ю. С. Бордулёв
|
| 203 |
|
|
|a Текст
|c электронный
|
| 225 |
1 |
|
|a Информационно-вычислительное, геоинформационное и техническое обеспечение мониторинга
|
| 300 |
|
|
|a Заглавие с экрана
|
| 320 |
|
|
|a [Библиогр.: с. 290 (5 назв.)]
|
| 463 |
|
|
|t XIII Сибирское совещание и школа молодых ученых по климато-экологическому мониторингу
|o тезисы докладов российской конференции, Томск, 15-19 октября 2019
|f Сибирское отделение (СО), Институт мониторинга климатических и экологических систем (ИМКЭС)
|v [С. 289-290]
|d 2019
|
| 610 |
1 |
|
|a электронный ресурс
|
| 610 |
1 |
|
|a труды учёных ТПУ
|
| 610 |
1 |
|
|a позитронная спектроскопия
|
| 610 |
1 |
|
|a природные полимеры
|
| 610 |
1 |
|
|a сосны
|
| 700 |
|
0 |
|a Цуй Цзян
|
| 701 |
|
1 |
|a Лаптев
|b Р. С.
|c физик, специалист в области неразрушающего контроля
|c доцент Томского политехнического университета, доктор технических наук
|f 1987-
|g Роман Сергеевич
|y Томск
|3 (RuTPU)RU\TPU\pers\29924
|9 14396
|
| 701 |
|
1 |
|a Бордулёв
|b Ю. С.
|c физик
|c инженер Томского политехнического университета
|f 1990-
|g Юрий Сергеевич
|3 (RuTPU)RU\TPU\pers\29925
|
| 712 |
0 |
2 |
|a Национальный исследовательский Томский политехнический университет
|b Инженерная школа ядерных технологий
|b Отделение экспериментальной физики
|3 (RuTPU)RU\TPU\col\23549
|
| 801 |
|
2 |
|a RU
|b 63413507
|c 20191202
|g RCR
|
| 856 |
4 |
|
|u http://www.imces.ru/media/uploads/XIII_CCKEM_2019_theses.pdf#page=289
|
| 942 |
|
|
|c CF
|